Indagación del porteño /
Guardado en:
| Autor Principal: | |
|---|---|
| Formato: | Libro |
| Publicado: |
Argentina :
Pena Lillo,
1965
|
| Materias: | |
| Etiquetas: |
Agregar Etiqueta
Sin Etiquetas, Sea el primero en etiquetar este registro!
|
| LEADER | 00560nam a22001935a 4500 | ||
|---|---|---|---|
| 001 | CEM.cems002927 | ||
| 005 | 19000101000000.0 | ||
| 008 | 130507s1965##################000#0#####d | ||
| 003 | CEMS | ||
| 082 | 0 | 4 | |a 309.182 |
| 100 | 1 | |a Giuria, Carlos A. | |
| 245 | 1 | 0 | |a Indagación del porteño / |c Carlos A. Giuria |
| 260 | |a Argentina : |b Pena Lillo, |c 1965 | ||
| 300 | |a 98 p. | ||
| 653 | |a Historia de la cultura argenti | ||
| 653 | |a Lunfardo | ||
| 653 | |a Sociologia del porteño | ||
| 653 | |a Tango-lenguaje | ||
| 859 | |a CEMS |b BIB. CEMS - 11 de abril |h 309.182 |i G449 |p 15271.88 |t Ej.1 | ||
